00218nam a22000977a 4500008004100000082001100041245003200052260000900084300001000093440001700103180807b xxu||||| |||| 00| 0 eng d a813.52 aNursing AssistantcELSEVIER c2006 a1fCD x9996009580R2